What the F! Quiz Stats

Quiz Updated Aug 16, 2016

Also try: Catchin' Some Z's
Challenge
Share
Tweet
Embed
Score 0/48 Timer 11:00
4 Plays Today
% Correct
Five
86%
Four
85.9%
Florida
82.3%
France
80.7%
Pacific
70.6%
Finland
66.9%
Gerald Ford
60.1%
Fiji
57.2%
California
55.7%
Bashful
50.4%
Thomas Jefferson
50%
Fluorine
47.6%
Afghanistan
45.7%
Frankfort
43%
Goldfinger
40.4%
Atlanta Falcons
37.4%
Finding Nemo
36.2%
William Taft
34.8%
Millard Fillmore
32.8%
Skyfall
31.7%
South Africa
30.1%
Jefferson City
29.1%
From Russia with Love
29%
James Garfield
28.8%
% Correct
Santa Fe
27%
Philadelphia Flyers
26.2%
Springfield
26.1%
Finding Dory
25.2%
Francium
24.9%
For Your Eyes Only
23.8%
Hartford
22.7%
Sulfur
20.9%
Central African Republic
20.7%
A Bug's Life
20.4%
Burkina Faso
19%
Californium
18.3%
Diamonds Are Forever
18.1%
Calgary Flames
17.4%
Funafuti
16.7%
Hafnium
15.5%
Freetown
13.9%
Kansas City Chiefs
13.6%
Fermium
12.7%
Rutherfordium
12.1%
Toronto Maple Leafs
11.9%
Sofia
10.9%
Flerovium
8%
Nuku'alofa
4.5%

You're not logged in!

Compare scores with friends on all Sporcle quizzes.
Sign Up with Email
OR
Log In

You Might Also Like...

Show Comments

Extras

Top Quizzes Today


Score Distribution

Your Account Isn't Verified!

In order to create a playlist on Sporcle, you need to verify the email address you used during registration. Go to your Sporcle Settings to finish the process.